| 000 -LEADER |
| fixed length control field |
00737nam a22002531 4500 |
| 001 - CONTROL NUMBER |
| control field |
92 |
| 003 - CONTROL NUMBER IDENTIFIER |
| control field |
BD-DhUAP |
| 005 - DATE AND TIME OF LATEST TRANSACTION |
| control field |
20210128130134.0 |
| 008 - FIXED-LENGTH DATA ELEMENTS--GENERAL INFORMATION |
| fixed length control field |
200222s1997 maua b 000 0 eng |
| 020 ## - INTERNATIONAL STANDARD BOOK NUMBER |
| International Standard Book Number |
0262120046 |
| 020 ## - INTERNATIONAL STANDARD BOOK NUMBER |
| International Standard Book Number |
026262001 |
| 040 ## - CATALOGING SOURCE |
| Original cataloging agency |
BD-DhUAP |
| Transcribing agency |
BD-DhUAP |
| Modifying agency |
BD-DhUAP |
| Language of cataloging |
Eng |
| 082 00 - DEWEY DECIMAL CLASSIFICATION NUMBER |
| Classification number |
711.4 LYN |
| Edition number |
23 |
| 100 1# - MAIN ENTRY--PERSONAL NAME |
| Personal name |
Lynch, Kevin. |
| 9 (RLIN) |
6428 |
| 245 14 - TITLE STATEMENT |
| Title |
The image of the city / |
| Statement of responsibility, etc. |
Kevin Lynch. |
| 260 ## - PUBLICATION, DISTRIBUTION, ETC. |
| Place of publication, distribution, etc. |
Cambridge : |
| Name of publisher, distributor, etc. |
MIT Press, |
| Date of publication, distribution, etc. |
c1960 [Reprinted 1997]. |
| 300 ## - PHYSICAL DESCRIPTION |
| Extent |
194 pages : |
| Other physical details |
illustrations ; |
| Dimensions |
22 cm. |
| 490 0# - SERIES STATEMENT |
| Series statement |
Publications of the Joint Center for Urban Studies. |
| 504 ## - BIBLIOGRAPHY, ETC. NOTE |
| Bibliography, etc. note |
Includes bibliography. |
| 526 ## - STUDY PROGRAM INFORMATION NOTE |
| Program name |
ARC |
| 650 #0 - SUBJECT ADDED ENTRY--TOPICAL TERM |
| Topical term or geographic name entry element |
City planning |
| Geographic subdivision |
United States. |
| 9 (RLIN) |
6429 |
| 942 ## - ADDED ENTRY ELEMENTS (KOHA) |
| Source of classification or shelving scheme |
|
| Koha item type |
Book |